000 00660nam a2200241Ia 4500
005 20240305110319.0
008 131103s9999 xx 000 0 und d
020 _a74637436
_cRs. 250
040 _aLoreto College
041 _aEnglish
082 _a004.67
_bMIN
100 _aMinoli, Daniel
245 _aInternet and Intranet Engineering
_cDaniel Minoli
260 _aNew Delhi
_bTata McGraw-Hill Pub. Co.Ltd.
_c1997
300 _axix,424p, illus 22.5 cm.
504 _aIncludes glossary and index
630 _aComputer Networks
630 _aWide- Area Networks
650 _aInternet
651 _aIntranet
850 _aLCLIB
942 _cBK
999 _c2540
_d53019